000 01599 a2200241 4500
001 55355
005 20260407155827.0
008 260407a1970 arg spa d
003 AR-UNSa-BCEJYS
040 _aAR-UNSa-BCEJYS
_bspa
_cAR-UNSa-BCEJYS
080 _a316.628
_xMotivación del comportamiento social. Necesidades. Aspiraciones. Motivos primarios, impulsos. Motivos secundarios, adquiridos (motivos sociales). Conflicto de motivos
245 1 0 _aComo se motiva el éxito económico
264 1 _aMéxico :
_bUnión Tipográfica Editorial Hispano-Americana (UTEHA)
_c1970
300 _axxii, 424 p.
_c23 cm.
505 _a1. Blanco del desarrollo: ¿El hombre o la sociedad? - 2. ¿Pueden los alumnos adquirir una fuerte necesidad de alcanzar el éxito? - 3. Planificación de un proyecto de desarrollo de negocios comunitarios - 4. Reclutamiento de hombres de negocios para el proyecto - 5. Naturaleza de los cursos de motivación del éxito en el Instituto SIET - 6. Cambio en las actividades de negocios despúes del adiestramiento - 7. Efectos del curso: resúmenes estadísticos - 8. Efectos de los cursos: algunos casos individuales - 9. Características de los participantes que cambiaron en el curso - 10. Estudios de casos - 11. Efecto psicológico del adiestramiento en motivación del éxito - 12. El papel de la educación psicológica en el desarrollo
041 _aspa
942 _cBK
590 _aniveau_biblio:m niveau_hierar:0
100 1 _aMcClelland, David C.
700 1 _aWinter, David G.
700 1 _aWinter, Sara K.
700 1 _aFernández Cepero, Manuel de J.
999 _c5917
_d5917